[Event "TUR-chT Clubs"]
[Site "Konya"]
[Date "2019.07.20"]
[Round "7.9"]
[White "Kaptan, Emre Akin"]
[Black "Sinay, Ahmet"]
[Result "1-0"]
[WhiteElo "1883"]
[BlackElo "1692"]
[PlyCount "99"]
[EventDate "2019.07.16"]
[EventType "team-swiss"]
[EventRounds "9"]
[EventCountry "TUR"]
[SourceTitle "CBM 191 Extra"]
[Source "ChessBase"]
[SourceDate "2019.09.30"]
[SourceVersion "1"]
[SourceVersionDate "2019.09.30"]
[SourceQuality "1"]
[WhiteTeam "Akcakoca Esentepe Okulu"]
[BlackTeam "Afyonkarahisar Basari"]
[WhiteTeamCountry "TUR"]
[BlackTeamCountry "TUR"]

1. e4 c5 2. Nf3 d6 3. d4 cxd4 4. Nxd4 Nf6 5. Nc3 g6 6. Be3 Bg7 7. f3 0-0 8. Qd2 Nc6 9. 0-0-0 Nxd4 10. Bxd4 Be6 11. g4 Qa5 12. Kb1 Rfc8 13. a3 Rab8 14. Nd5 Qxd2 15. Rxd2 Bxd5 16. exd5 a6 17. h4 Nd7 18. f4 Bxd4 19. Rxd4 Nf6 20. g5 Nh5 21. Bh3 Rc7 22. Bg4 b5 23. Bxh5 gxh5 24. f5 f6 25. Re4 Kf7 26. Re6 Rd7 27. Rg1 Rc8 28. gxf6 exf6 29. Re3 Rdd8 30. Reg3 Rg8 31. Rxg8 Rxg8 32. Rxg8 Kxg8 33. Ka2 Kf7 34. Kb3 a5 35. a4 b4 36. Kc4 Ke7 37. Kb5 Kd7 38. Kxa5 b3 39. cxb3 Kc7 40. b4 Kb7 41. b5 Kc7 42. b6+ Kb7 43. Kb5 Kb8 44. Kc6 Kc8 45. a5 h6 46. a6 Kb8 47. Kxd6 Kc8 48. Kc6 Kb8 49. d6 Ka8 50. d7 1-0

[Event "TUR-chT Clubs"]
[Site "Konya"]
[Date "2019.07.16"]
[Round "1.19"]
[White "Atban, Berkin"]
[Black "Sinay, Ahmet"]
[Result "0-1"]
[WhiteElo "1221"]
[BlackElo "1692"]
[PlyCount "52"]
[EventDate "2019.07.16"]
[EventType "team-swiss"]
[EventRounds "9"]
[EventCountry "TUR"]
[SourceTitle "CBM 191 Extra"]
[Source "ChessBase"]
[SourceDate "2019.09.30"]
[SourceVersion "1"]
[SourceVersionDate "2019.09.30"]
[SourceQuality "1"]
[WhiteTeam "Akcakoca Palamut Bric"]
[BlackTeam "Afyonkarahisar Basari"]
[WhiteTeamCountry "TUR"]
[BlackTeamCountry "TUR"]

1. e4 c5 2. Nf3 d6 3. c4 Bg4 4. Be2 Nf6 5. Nc3 Bxf3 6. Bxf3 Nc6 7. d3 g6 8. Be3 Bg7 9. 0-0 0-0 10. b3 Nd7 11. Rc1 h6 12. Qd2 Kh7 13. Ne2 Nde5 14. Ng3 Nxf3+ 15. gxf3 Qd7 16. Kg2 a5 17. a4 b6 18. Qe2 e6 19. f4 f5 20. Bd2 Nd4 21. Qd1 e5 22. exf5 Nxf5 23. Re1 Nh4+ 24. Kf1 exf4 25. Ne4 Qh3+ 26. Ke2 f3+ 0-1